000 00642nam a2200217Ia 4500
003 IN-BaIIA
008 211028s9999 xx 000 0 eng d
020 _a0-07-112738-0
040 _cIIA Library
080 _a66
_bMCC
100 _aMcCabe, W. L
_919260
245 0 _aUnit operations of chemical engineering.
_cWarren McCabe, Julian Smith and Peter Harriott 
250 _a5th ed.
260 _aNew York
_bMcGraw-Hill
_c1993
300 _axvii, 1130p.
650 _aAstronomy and astrophysics thesaurus
650 _aChemical engineering
_919261
700 _aHarriott, P.
_919262
700 _aSmith, J. C.
_919263
942 _cBK
999 _c11239
_d11239